| 000 | 00631nam a22002057a 4500 | ||
|---|---|---|---|
| 999 |
_c6423 _d6423 |
||
| 003 | AR-CdUCM | ||
| 008 | 190315b ||||| |||| 00| 0 spa d | ||
| 040 |
_aMUNICIPALIDAD PROVINCIAL DEL CUSCO _cBIBLIOTECA MUNICIPAL DEL CUSCO |
||
| 082 |
_a869.33 / _bSA26 |
||
| 100 |
_aSouviron, José María _914644 |
||
| 245 | _aRomances americanos / | ||
| 260 |
_aSantiago de Chile : _bEdit. Nascimiento, _c1937. |
||
| 300 |
_a66 páginas ; _bilustraciones, _c24 cm. |
||
| 500 | _aDonación de la familia Nieto | ||
| 650 |
_aChile _91150 |
||
| 650 |
_aPoesía chilena _95520 |
||
| 650 |
_aSiglo XX _98 |
||
| 942 |
_2ddc _cLIBROS |
||
| 945 | _araen | ||